| 000 | 00464nam a2200181Ia 4500 | ||
|---|---|---|---|
| 005 | 20250423094651.0 | ||
| 008 | 250422s9999 xx 000 0 und d | ||
| 020 | _a9789780803542 | ||
| 050 | _aHD 30.28 .N94/ | ||
| 100 | _aNzelibe, Chinelo Grace O. | ||
| 245 | 0 | _aBusiness policy and strategic managemnet | |
| 260 | _aAbuja | ||
| 260 | _bChartered Graphic Press | ||
| 260 | _c2011 | ||
| 300 | _a231 p | ||
| 650 | _a Business planning. | ||
| 942 | _cBK | ||
| 999 |
_c27932 _d27932 |
||